The vuca learner: (Record no. 156688)

MARC details
000 -LEADER
fixed length control field 00687nam a22002057a 4500
005 - DATE AND TIME OF LATEST TRANSACTION
control field 20180830143831.0
010 ## - LCCN (DPL NO)
LC control number ENG-123931
020 ## - INTERNATIONAL STANDARD BOOK NUMBER
International Standard Book Number 9789352807512
Terms of availability 450.00
035 ## - SYSTEM CONTROL NUMBER
System control number EN-107463
037 ## - SOURCE OF ACQUISITION
Source of stock number/acquisition DBAD/PUB
082 00 - DEWEY DECIMAL CLASSIFICATION NUMBER
Classification number 650.13
100 ## - MAIN ENTRY--PERSONAL NAME
Personal name Abidi, Suhayl
245 10 - TITLE STATEMENT
Title The vuca learner:
Statement of responsibility, etc by Suhayl Abidi [and] Manoj Joshi
Remainder of title future-proof your relevance /
260 ## - PUBLICATION, DISTRIBUTION, ETC. (IMPRINT)
Place of publication, distribution, etc New Delhi
Name of publisher, distributor, etc SAGE Publications,
Date of publication, distribution, etc 2018
270 ## - ADDRESS
Address B1/I-1 Mohan Cooperative Industrial Area, Mathura Road
City New Delhi
Postal code 110044
300 ## - PHYSICAL DESCRIPTION
Extent xvii,247p.
Dimensions 22cm.(pbk)
500 ## - GENERAL NOTE
General note It includes annexure: Personal SWOT Analysis
700 ## - ADDED ENTRY--PERSONAL NAME
Personal name Joshi, Manoj
942 ## - ADDED ENTRY ELEMENTS (KOHA)
Source of classification or shelving scheme Dewey Decimal Classification
Item type English Books
Classification part 650.13
Call number suffix ABI
Holdings
Withdrawn status Lost status Not for loan Collection code Home library Current library Date acquired Source of acquisition Cost, normal purchase price Full call number Barcode Copy number Cost, replacement price Koha item type
    Not For Loan Non-fiction D.B.Act.Division Bawana 30/08/2018 DBAD/PUB 450.00 650.13 ABI EN-107463 1 450.00 English Books

© Delhi Public Library
Hit Counter
free hit counter